10 grootste steden in Nedersaksen - Statistieken

Algemene statistieken
  • Deze quiz is 16 keer genomen
  • De gemiddelde score is 6 van 10
Antwoordstatistieken
Inwoners Antwoord % Correct
163.830 Oldenburg
100%
532.163 Hannover
88%
162.403 Osnabrück
88%
251.364 Braunschweig
75%
124.045 Wolfsburg
75%
118.914 Göttingen
50%
52.659 Cuxhaven
38%
101.667 Hildesheim
38%
82.797 Wilhelmshaven
38%
101.079 Salzgitter
13%
Geen overeenkomende quizzen gevonden
Scoreverdeling
Procent van Mensen met Elke Score
Percentiel versus Aantal Correcte Antwoorden
Uw Scoregeschiedenis
U heeft deze quiz nog niet genomen